Countries With the Word “in” in Their Names - Statistics

General Stats
  • This quiz has been taken 64 times
  • The average score is 21 of 29
Answer Stats
Continent Countries % Correct
Europe Finland
94%
Asia India
92%
Europe United Kingdom
90%
South America Argentina
86%
Europe Spain
86%
North America Dominica
84%
North America DominicanRepublic
84%
Asia Indonesia
84%
South America Suriname
82%
Africa Benin
78%
North America Saint Vincent andthe Grenadines
78%
North America Trinidad andTobago
76%
North America Saint Kittsand Nevis
73%
North America Saint Lucia
73%
Asia China
71%
Europe Liechtenstein
71%
Africa Guinea
69%
Africa Guinea-Bissau
69%
Europe Ukraine
69%
Africa EquatorialGuinea
65%
Oceania Papua NewGuinea
63%
Europe San Marino
61%
Asia Bahrain
59%
Europe Bosnia andHerzegovina
59%
Africa Burkina Faso
53%
Africa Eswatini
51%
Asia Philippines
51%
Asia Singapore
49%
Africa São Tomé andPrincipe
41%
No matching quizzes found
Score Distribution
Percent of People with Each Score
Percentile by Number Answered
Your Score History
You have not taken this quiz